Moral Dilemmas of Modern War : (Record no. 14324)
[ view plain ]
| 000 -LEADER | |
|---|---|
| fixed length control field | 02482cam a2200385 a 4500 |
| 001 - CONTROL NUMBER | |
| control field | 15643407 |
| 005 - DATE AND TIME OF LATEST TRANSACTION | |
| control field | 20100423140432.0 |
| 008 - FIXED-LENGTH DATA ELEMENTS--GENERAL INFORMATION | |
| fixed length control field | 090302s2010 enk | b 001 0 eng d |
| 010 ## - LIBRARY OF CONGRESS CONTROL NUMBER | |
| LC control number | 2009008941 |
| 015 ## - NATIONAL BIBLIOGRAPHY NUMBER | |
| National bibliography number | GBA999487 |
| Source | bnb |
| 016 7# - NATIONAL BIBLIOGRAPHIC AGENCY CONTROL NUMBER | |
| Record control number | 015391262 |
| Source | Uk |
| 020 ## - INTERNATIONAL STANDARD BOOK NUMBER | |
| International Standard Book Number | 9780521866156 (hardback) |
| 020 ## - INTERNATIONAL STANDARD BOOK NUMBER | |
| International Standard Book Number | 0521866154 (hardback) |
| 020 ## - INTERNATIONAL STANDARD BOOK NUMBER | |
| International Standard Book Number | 9780521685108 (paperback) |
| 020 ## - INTERNATIONAL STANDARD BOOK NUMBER | |
| International Standard Book Number | 0521685109 (paperback) |
| 035 ## - SYSTEM CONTROL NUMBER | |
| System control number | (OCoLC)ocn313078350 |
| 040 ## - CATALOGING SOURCE | |
| Original cataloging agency | DLC |
| Transcribing agency | DLC |
| Modifying agency | BTCTA |
| -- | YDXCP |
| -- | UCDLL |
| -- | C#P |
| -- | BOP |
| -- | CDX |
| -- | OCLCQ |
| -- | UKM |
| -- | DLC |
| 043 ## - GEOGRAPHIC AREA CODE | |
| Geographic area code | n-us--- |
| 050 00 - LIBRARY OF CONGRESS CALL NUMBER | |
| Classification number | U22 |
| Item number | .G76 2010 |
| 082 00 - DEWEY DECIMAL CLASSIFICATION NUMBER | |
| Classification number | 172.42 |
| Edition number | 22 |
| Item number | GRO |
| 100 1# - MAIN ENTRY--PERSONAL NAME | |
| Personal name | Gross, Michael L., |
| Dates associated with a name | 1954- |
| 9 (RLIN) | 15638 |
| 245 10 - TITLE STATEMENT | |
| Title | Moral Dilemmas of Modern War : |
| Remainder of title | Torture, Assassination, and Blackmail in an Age of Asymmetric Conflict / |
| Statement of responsibility, etc | Michael L. Gross. |
| 246 30 - VARYING FORM OF TITLE | |
| Title proper/short title | Torture, assassination, and blackmail in an age of asymmetric conflict |
| 260 ## - PUBLICATION, DISTRIBUTION, ETC. (IMPRINT) | |
| Place of publication, distribution, etc | Cambridge : |
| Name of publisher, distributor, etc | Cambridge University Press, |
| Date of publication, distribution, etc | 2010. |
| 300 ## - PHYSICAL DESCRIPTION | |
| Extent | xiii, 321 p. ; |
| Dimensions | 24 cm. |
| 504 ## - BIBLIOGRAPHY, ETC. NOTE | |
| Bibliography, etc | Includes bibliographical references and index. |
| 505 0# - FORMATTED CONTENTS NOTE | |
| Formatted contents note | Torture, assassination, and blackmail in an age of asymmetric conflict -- Friends, foes, or brothers in arms? the puzzle of combatant equality -- Combatants in asymmetric war -- Shooting to kill : the paradox of prohibited weapons -- Shooting to stun : the paradox of nonlethal warfare -- Murder, self-defense, or execution? the dilemma of assassination -- Human dignity or human life : the dilemmas of torture and rendition -- Noncombatants in asymmetric war -- Blackmailing the innocent : the dilemma of noncombatant immunity -- Killing the innocent : the dilemma of terrorism -- Risking our lives to save others : puzzles of humanitarian intervention -- Conclusion and afterword -- Torture, assassination, and blackmail : new norms for asymmetric conflict? -- The war in Gaza, December 2008 to January 2009. |
| 541 ## - IMMEDIATE SOURCE OF ACQUISITION NOTE | |
| Source of acquisition | Bacca ; |
| 650 #0 - SUBJECT ADDED ENTRY--TOPICAL TERM | |
| Topical term or geographic name as entry element | War |
| General subdivision | Moral and ethical aspects |
| Geographic subdivision | United States. |
| 9 (RLIN) | 15639 |
| 650 #0 - SUBJECT ADDED ENTRY--TOPICAL TERM | |
| Topical term or geographic name as entry element | Military ethics |
| Geographic subdivision | United States. |
| 9 (RLIN) | 15640 |
| 650 #0 - SUBJECT ADDED ENTRY--TOPICAL TERM | |
| Topical term or geographic name as entry element | Military interrogation |
| General subdivision | Moral and ethical aspects |
| Geographic subdivision | United States. |
| 9 (RLIN) | 15641 |
| 942 ## - ADDED ENTRY ELEMENTS (KOHA) | |
| Source of classification or shelving scheme | Dewey Decimal Classification |
| Item type | Book - Borrowing |
| Withdrawn status | Item status | Source of classification or shelving scheme | Damaged status | Not for loan | Vendor | Home library | Current library | Shelving location | Date acquired | Source of acquisition | Cost, normal purchase price | Serial Enumeration / chronology | Total Checkouts | Total Renewals | Full call number | Barcode | Date last seen | Date last borrowed | Koha item type |
|---|---|---|---|---|---|---|---|---|---|---|---|---|---|---|---|---|---|---|---|
| Dewey Decimal Classification | Baccah | Central Library | Central Library | Lower Floor | 01/07/2010 | 150.00 | 10485 | 4 | 28 | 172.42 GRO | 000021145 | 15/07/2025 | 11/12/2017 | Book - Borrowing |